| 000 | 00556ntaaa2200193 4500 | ||
|---|---|---|---|
| 003 | 01 | ||
| 005 | 20251027203015.0 | ||
| 008 | 0714s1973 ag 01 | ||
| 040 |
_aAR-BaBN _bspa _cAR-BaBN _eaacr _dRIC |
||
| 082 | _a423.0000 W39 | ||
| 100 |
_aWebster, Noah _926237 |
||
| 245 | _aWebster's third new international dictionary of the English language unabridged | ||
| 250 | _a1 ed. | ||
| 260 |
_aSpringfield : _bG and C Merriam Company, _c1909, 1968 |
||
| 300 | _a64 p, 2662 p | ||
| 650 | _ainglés-diccionario | ||
| 650 | _adiccionario-inglés | ||
| 942 | _cBK | ||
| 999 |
_c25510 _d25510 |
||